Hình chiếu phối cảnh : Phần thực hành

Các bài tập và bài hướng dẫn cách giải các bài toán về vị trí và về lượng, về dựng phối cảnh, vẽ bóng, vẽ hình phản chiếu, bài toán lập lại hình dáng, kích thước của công trình kiến trúc dựa trên phối cảnh của công trình...

Celý popis

Uloženo v:
Podrobná bibliografie
Hlavní autor: Dương Tiến Thọ
Médium: Kniha
Jazyk:Vietnamese
Vydáno: H. Xây Dựng 2012
Vydání:Tái bản
Témata:
Tagy: Přidat tag
Žádné tagy, Buďte první, kdo otaguje tento záznam!
Thư viện lưu trữ: Thư viện Trường Đại học Nam Cần Thơ
LEADER 01541aam a22002178a 4500
001 NCT_25737
008 090916s2009 ||||||viesd
999 |c 1226  |d 1226 
082 0 4 |2 23rd ed.  |a 516.6076  |b Th400 
100 1 |a Dương Tiến Thọ 
245 1 0 |a Hình chiếu phối cảnh :  |b Phần thực hành  |c Dương Tiến Thọ 
250 |a Tái bản 
260 |a H.  |b Xây Dựng  |c 2012 
520 3 |a Các bài tập và bài hướng dẫn cách giải các bài toán về vị trí và về lượng, về dựng phối cảnh, vẽ bóng, vẽ hình phản chiếu, bài toán lập lại hình dáng, kích thước của công trình kiến trúc dựa trên phối cảnh của công trình 
653 |a Kiến trúc 
942 |2 ddc  |c BK 
952 |0 0  |1 0  |2 ddc  |4 0  |6 516_607600000000000_TH400  |7 0  |9 9093  |a 000001  |b 000001  |d 2018-06-01  |l 1  |o 516.6076 Th400  |p MD.08474  |r 2020-12-18  |s 2020-12-03  |v 64000.00  |w 2018-06-01  |y BK 
952 |0 0  |1 0  |2 ddc  |4 0  |6 516_607600000000000_TH400  |7 0  |9 9094  |a 000001  |b 000001  |d 2018-06-01  |o 516.6076 Th400  |p MD.08475  |r 2018-10-09  |v 64000.00  |w 2018-06-01  |y BK 
952 |0 0  |1 0  |2 ddc  |4 0  |6 516_607600000000000_TH400  |7 0  |9 9095  |a 000001  |b 000001  |d 2018-06-01  |l 1  |o 516.6076 Th400  |p MD.08476  |r 2018-11-10  |s 2018-11-03  |v 64000.00  |w 2018-06-01  |y BK 
952 |0 0  |1 0  |2 ddc  |4 0  |6 516_607600000000000_TH400  |7 0  |9 9096  |a 000001  |b 000001  |d 2018-06-01  |o 516.6076 Th400  |p MD.08477  |r 2018-06-01  |v 64000.00  |w 2018-06-01  |y BK 
980 |a Thư viện Trường Đại học Nam Cần Thơ